El delincuente

Saved in:
Bibliografiske detaljer
Hovedforfatter: Rojas, Manuel (Author)
Format: Bog
Sprog:spansk
Udgivet: Santiago Imprenta Universitaria 1900
Udgivelse:1a. ed
Fag:
Tags: Tilføj Tag
Ingen Tags, Vær først til at tagge denne postø!

MARC

LEADER 00000nam a2200000 a 4500
001 UCJ3376
003 CL-VaPUC
008 070124e19000000CL |||||||||||||||||spa|d
082 0 4 |a Ch863  |b ROJ  |2 21 
100 0 |a Rojas, Manuel  |e author  |9 313776 
245 1 3 |a El delincuente 
246 1 3 |a El vaso de leche 
246 1 3 |a Un mendigo 
246 1 3 |a El trampolín 
246 1 3 |a El colocolo 
246 1 3 |a La aventura de Mr. Jaiva 
246 1 0 |a Pedro el pequenero 
246 1 3 |a Un ladrón y su mujer 
246 1 3 |a La compañera de viaje 
250 |a 1a. ed 
300 |a 168 p 
942 |c BK 
945 |d 20070124 00:00:00  |a rinostro 
260 |a Santiago  |b Imprenta Universitaria  |c 1900 
500 |a Prólogo de la Sociedad Chilena de Escritores 
650 0 |a Cuentos chilenos   |9 308280 
650 0 |a Literatura chilena   |9 308278 
583 |a last modification  |c 20150114 10:18:17  |k Rodrigo Vera 
999 |c 319498  |d 319496 
952 |0 0  |1 0  |4 0  |6 CH_863_000000000000000_ROJ_1900  |7 0  |8 X  |9 397830  |a FDOBUD  |b FDOBUD  |d 2019-11-22  |i 100252K  |o Ch863 ROJ 1900  |p 100252K  |r 2019-11-22  |w 2019-11-22  |y BK_X  |k BUD